01332nab a2200277 4500003001000000005001700010008004100027040001400068041000800082100006300090245010300153260003500256300001300291500030800304650002300612650002800635650003100663650001500694650002300709700005900732700007300791773010000864942005700964945001601021999001701037AR-RoBPED20260401120914.0260401b |||||||| |||| 00| 0 spa d aAR-RoBPED aspa1 aAlonso, Constanza930683eLicenciada en Ciencia Política1 aApostar no es juego :bconsumo problemático de apuestas en línea de adolescentes y jóvenes / aBuenos Aires :bNoveduc,c2025 a16-20 p. aLos autores dan cuenta de una investigación federal sobre apuestas online en el universo de adolescentes y jóvenes de 15 a 29 años cuyo propósito es visibilizar el problema, construir una evidencia empírica mediante un método científico y contribuir al diseño de políticas públicas.  7aLUDOPATÍA930037 7aPROBLEMAS SOCIALES9922 7aINVESTIGACION SOCIAL95776 7aJUEGO9374 7aADOLESCENTES929061 aCabani, Fernando930684eLicenciado en Servicio Social1 aRomeo, Martín 930685eLicenciado en Ciencias de la Comunicación0 020414941867dBuenos Aires : Noveduc, 1993-tNovedades Educativasw(AR-RoBPED)20414x03283534 2udccREVh37(05)mNov 86 N° 400 (Feb.2025)ak.32495 amar 03/2026 c32495d32495